000 00674cam a2200229 4500500
005 20260329005357.0
041 _afre
042 _adc
100 1 0 _aDurand, Jean-Marie
_eauthor
245 0 0 _aL’Expertise sans peine suivi de Paradoxes de l’expertise
260 _c2023.
500 _a92
690 _aBullshit
690 _aDébat
690 _aExpertise
690 _aExperts
690 _aPolémique
690 _aSatire
690 _aSebastian Dieguez
786 0 _nPhilosophie magazine | 170 | 6 | 2023-06-01 | p. 68-68 | 1951-1787
856 4 1 _uhttps://shs.cairn.info/magazine-philosophie-magazine-2023-6-page-68?lang=fr&redirect-ssocas=7080
999 _c1842817
_d1842817